<Der> Typ ist richtig Intensivierung-Alltag und Zukunft

Uložené v:
Podrobná bibliografia
Hlavný autor: Florath, Walter
Médium: Kniha
Jazyk:German
Vydavateľské údaje: Berlin Neues Leben 1986
Vydanie:1. Aufl.
Tagy: Pridať tag
Žiadne tagy, Buďte prvý, kto otaguje tento záznam!

MARC

LEADER 00000nam a2200000 4500
001 c022723
005 20221207072834.5
041 0 |a ger 
044 |a DE 
245 1 0 |a <Der> Typ ist richtig  |b Intensivierung-Alltag und Zukunft  |c Walter Florath 
250 |a 1. Aufl. 
264 1 |a Berlin  |b Neues Leben  |c 1986 
300 |a 151 s. 
100 1 |a Florath, Walter